000 01163nam a22002417a 4500
005 20240530110512.0
008 151208s2013 jo adk g b 000 0 ara d
017 _a2011/12/4389
_bالمملكة الاردنية الهاشمية . المكتبة الوطنية
020 _a9789957831363
040 _aEG-CaGPL
082 0 4 _221
_a513.5\
_bز م
100 0 _aزياد عبدالكريم القاضى
245 1 2 _aالمنطق الرقمى :
_bالاساسيات الرقمية تصميم الدارات التجميعية و الدارات التتابعية = Didital Logic : Digital Fundamentals Combinational & Sequential Ciruits Design /
_cتاليف زياد عبدالكريم القاضى
250 _aط1
260 _aعمان ( الاردن ) :
_bمكتبة المجتمع العربى للنشر و التوزيع ،
_c2013 .
300 _a317 ص :
_bايض ؛
_c24 سم .
504 _aيشتمل على ارجاعات ببليوجرافية
650 0 4 _aالارقام
650 0 4 _aالدارات التجميعية
650 0 4 _aالدارات التتابعية
942 _2ddc
_cBK
999 _c61695
_d61695